Les MRC du Québec (et territoires équivalents) sur une carte - Statistiques

Statistiques générales
  • Ce quiz a été pris 1 903 fois
    1 507 depuis la dernière actualisation
  • Le résultat moyen est 22 sur 104
Réponses sur la Carte
Les réponses sont colorées sur une échelle allant du rouge au vert en fonction du pourcentage des utilisateurs qui les ont devinées à leur premier essai. Vous pouvez retrouver ces pourcentages ci-dessous.
 
Statistiques - réponses
Région administrative Code Type de quiz MRC ou territoire équivalent Chef-lieu % Correct
06. Montréal 660 TE Agglomération de Montréal Montréal
89%
03. Capitale-Nationale 230 TE Agglomération de Québec Québec
85%
13. Laval 650 TE Laval Laval
58%
04. Mauricie 370 TE Trois-Rivières Trois-Rivières
52%
02. Saguenay–Lac-Saint-Jean 940 TE Saguenay Saguenay
49%
11. Gaspésie–Îles-de-la-Madeleine 030 MRC La Côte-de-Gaspé Gaspé
46%
05. Estrie 430 TE Sherbrooke Sherbrooke
43%
07. Outaouais 810 TE Gatineau Gatineau
40%
01. Bas-Saint-Laurent 100 MRC Rimouski-Neigette Rimouski
33%
16. Montérégie 582 TE Agglomération de Longueuil Longueuil
32%
12. Chaudière-Appalaches 252 TE Lévis Lévis
32%
08. Abitibi-Témiscamingue 880 MRC Abitibi Amos
31%
17. Centre-du-Québec 490 MRC Drummond Drummondville
30%
08. Abitibi-Témiscamingue 890 MRC La Vallée-de-l’Or Val-d’Or
28%
09. Côte-Nord 971 MRC Sept-Rivières Sept-Îles
28%
08. Abitibi-Témiscamingue 850 MRC Témiscamingue Ville-Marie
26%
17. Centre-du-Québec 390 MRC Arthabaska Victoriaville
25%
09. Côte-Nord 960 MRC Manicouagan Baie-Comeau
25%
01. Bas-Saint-Laurent 120 MRC Rivière-du-Loup Rivière-du-Loup
25%
08. Abitibi-Témiscamingue 860 TE Rouyn-Noranda Rouyn-Noranda
25%
03. Capitale-Nationale 160 MRC Charlevoix Baie-Saint-Paul
24%
15. Laurentides 750 MRC La Rivière-du-Nord Saint-Jérôme
24%
14. Lanaudière 640 MRC Les Moulins Terrebonne
24%
10. Nord-du-Québec 990 MRC Jamésie Chibougamau
23%
16. Montérégie 470 MRC La Haute-Yamaska Granby
23%
01. Bas-Saint-Laurent 080 MRC La Matanie Matane
23%
04. Mauricie 360 TE Shawinigan Shawinigan
23%
02. Saguenay–Lac-Saint-Jean 930 MRC Lac-Saint-Jean-Est Alma
22%
12. Chaudière-Appalaches 310 MRC Les Appalaches Thetford Mines
22%
04. Mauricie 900 TE Agglomération de La Tuque La Tuque
21%
14. Lanaudière 610 MRC Joliette Joliette
21%
16. Montérégie 560 MRC Le Haut-Richelieu Saint-Jean-sur-Richelieu
21%
11. Gaspésie–Îles-de-la-Madeleine 010 TE Agglomération des Îles-de-la-Madeleine Les Îles-de-la-Madeleine
20%
09. Côte-Nord 982 MRC Le Golfe-du-Saint-Laurent Côte-Nord-du-Golfe-du-Saint-Laurent
20%
15. Laurentides 780 MRC Les Laurentides Mont-Blanc
20%
05. Estrie 450 MRC Memphrémagog Magog
20%
12. Chaudière-Appalaches 290 MRC Beauce-Sartigan Saint-Georges
19%
01. Bas-Saint-Laurent 070 MRC La Matapédia Amqui
19%
02. Saguenay–Lac-Saint-Jean 910 MRC Le Domaine-du-Roy Roberval
19%
05. Estrie 300 MRC Le Granit Lac-Mégantic
19%
15. Laurentides 740 TE Mirabel Mirabel
19%
16. Montérégie 530 MRC Pierre-De Saurel Sorel-Tracy
19%
15. Laurentides 730 MRC Thérèse-De Blainville Boisbriand
19%
16. Montérégie 710 MRC Vaudreuil-Soulanges Vaudreuil-Dorion
19%
11. Gaspésie–Îles-de-la-Madeleine 060 MRC Avignon Carleton-sur-Mer
18%
09. Côte-Nord 972 MRC Caniapiscau Fermont
18%
01. Bas-Saint-Laurent 140 MRC Kamouraska Saint-Pascal
18%
10. Nord-du-Québec 992 TE Kativik Kuujjuaq
18%
02. Saguenay–Lac-Saint-Jean 920 MRC Maria-Chapdelaine Dolbeau-Mistassini
18%
15. Laurentides 790 MRC Antoine-Labelle Mont-Laurier
17%
03. Capitale-Nationale 220 MRC La Jacques-Cartier Shannon
17%
12. Chaudière-Appalaches 260 MRC La Nouvelle-Beauce Sainte-Marie
17%
01. Bas-Saint-Laurent 110 MRC Les Basques Trois-Pistoles
17%
03. Capitale-Nationale 200 MRC L’Île-d’Orléans Sainte-Famille
17%
12. Chaudière-Appalaches 180 MRC Montmagny Montmagny
17%
08. Abitibi-Témiscamingue 870 MRC Abitibi-Ouest La Sarre
16%
15. Laurentides 760 MRC Argenteuil Lachute
16%
16. Montérégie 460 MRC Brome-Missisquoi Cowansville
16%
05. Estrie 440 MRC Coaticook Coaticook
16%
11. Gaspésie–Îles-de-la-Madeleine 040 MRC La Haute-Gaspésie Sainte-Anne-des-Monts
16%
11. Gaspésie–Îles-de-la-Madeleine 020 MRC Le Rocher-Percé Chandler
16%
09. Côte-Nord 981 MRC Minganie Havre-Saint-Pierre
16%
03. Capitale-Nationale 340 MRC Portneuf Cap-Santé
16%
01. Bas-Saint-Laurent 130 MRC Témiscouata Témiscouata-sur-le-Lac
16%
12. Chaudière-Appalaches 270 MRC Beauce-Centre Beauceville
15%
16. Montérégie 700 MRC Beauharnois-Salaberry Beauharnois
15%
17. Centre-du-Québec 380 MRC Bécancour Bécancour
15%
11. Gaspésie–Îles-de-la-Madeleine 050 MRC Bonaventure New Carlisle
15%
03. Capitale-Nationale 210 MRC La Côte-de-Beaupré Château-Richer
15%
01. Bas-Saint-Laurent 090 MRC La Mitis Mont-Joli
15%
14. Lanaudière 600 MRC L’Assomption L’Assomption
15%
16. Montérégie 570 MRC La Vallée-du-Richelieu Belœil
15%
17. Centre-du-Québec 320 MRC L’Érable Plessisville
15%
15. Laurentides 770 MRC Les Pays-d’en-Haut Sainte-Adèle
15%
12. Chaudière-Appalaches 170 MRC L’Islet Saint-Jean-Port-Joli
15%
04. Mauricie 510 MRC Maskinongé Louiseville
15%
14. Lanaudière 620 MRC Matawinie Rawdon
15%
17. Centre-du-Québec 500 MRC Nicolet-Yamaska Nicolet
15%
07. Outaouais 800 MRC Papineau Papineauville
15%
03. Capitale-Nationale 150 MRC Charlevoix-Est Clermont
14%
15. Laurentides 720 MRC Deux-Montagnes Deux-Montagnes
14%
09. Côte-Nord 950 MRC La Haute-Côte-Nord Les Escoumins
14%
16. Montérégie 680 MRC Les Jardins-de-Napierville Saint-Michel
14%
16. Montérégie 540 MRC Les Maskoutains Saint-Hyacinthe
14%
05. Estrie 400 MRC Les Sources Val-des-Sources
14%
12. Chaudière-Appalaches 330 MRC Lotbinière Sainte-Croix
14%
07. Outaouais 840 MRC Pontiac Campbell’s Bay
14%
16. Montérégie 480 MRC Acton Acton Vale
13%
12. Chaudière-Appalaches 190 MRC Bellechasse Saint-Lazare-de-Bellechasse
13%
14. Lanaudière 520 MRC D’Autray Berthierville
13%
05. Estrie 410 MRC Le Haut-Saint-François Cookshire-Eaton
13%
07. Outaouais 820 MRC Les Collines-de-l’Outaouais Chelsea
13%
05. Estrie 420 MRC Le Val-Saint-François Richmond
13%
16. Montérégie 590 MRC Marguerite-D’Youville Verchères
13%
04. Mauricie 350 MRC Mékinac Saint-Tite
13%
16. Montérégie 670 MRC Roussillon Saint-Constant
13%
07. Outaouais 830 MRC La Vallée-de-la-Gatineau Gracefield
12%
02. Saguenay–Lac-Saint-Jean 942 MRC Le Fjord-du-Saguenay Saint-Honoré
12%
16. Montérégie 690 MRC Le Haut-Saint-Laurent Huntingdon
12%
12. Chaudière-Appalaches 280 MRC Les Etchemins Lac-Etchemin
12%
14. Lanaudière 630 MRC Montcalm Sainte-Julienne
12%
04. Mauricie 372 MRC Les Chenaux Saint-Luc-de-Vincennes
11%
16. Montérégie 550 MRC Rouville Marieville
11%
10. Nord-du-Québec 993 TE Eeyou Istchee Nemaska
10%
Aucun quiz correspondant
Distribution des résultats
% des personnes avec chaque résultat
Percentile par nombre de réponses
Votre historique - résultats
Vous n’avez pas pris ce quiz depuis la dernière actualisation